Humanities & Social Sciences Communications

Salvato in:
Dettagli Bibliografici
Natura: Periodico
Lingua:inglese
Pubblicazione: London Springer Nature
Tags: Aggiungi Tag
Nessun Tag, puoi essere il primo ad aggiungerne!!

MARC

LEADER 00000nls a2200000 4500
001 0313314
005 20251124092713.3
022 |a 2662-9992 
041 0 |a eng 
044 |a GB 
245 1 0 |a Humanities & Social Sciences Communications 
264 1 |a London  |b Springer Nature